Cave by Muse lyrics - Statistics

General Stats
  • This quiz has been taken 6 times
  • The average score is 134 of 145
Answer Stats
Answer % Correct
a
100%
almost
100%
alone
100%
And
100%
and
100%
away
100%
burn
100%
can
100%
cave
100%
come
100%
Come
100%
do
100%
got
100%
hear
100%
I
100%
I'll
100%
in
100%
it
100%
it's
100%
Leave
100%
me
100%
my
100%
myself
100%
nothing
100%
see
100%
serious
100%
So
100%
still
100%
taste
100%
that
100%
there's
100%
to
100%
with
100%
you
100%
You
100%
your
100%
don't
67%
ever
67%
mistakes
67%
say
67%
single
67%
too
67%
way
67%
word
67%
arrest
33%
close
33%
ears
33%
for
33%
hearts
33%
look
33%
never
33%
Please
33%
try
33%
you'll
33%
No matching quizzes found
Score Distribution
Percent of People with Each Score
Percentile by Number Answered
Your Score History
You have not taken this quiz